| 000 | 00861nam a22002057a 4500 | ||
|---|---|---|---|
| 999 |
_c7151 _d7151 |
||
| 003 | AR-CdUCM | ||
| 008 | 190320b ||||| |||| 00| 0 spa d | ||
| 040 |
_aMUNICIPALIDAD PROVINCIAL DEL CUSCO _cBIBLIOTECA MUNICIPAL DEL CUSCO |
||
| 082 |
_a694.2 / _bG81 |
||
| 100 |
_aGriñán Parés, José _920165 |
||
| 245 | _aCarpintería de armar / | ||
| 260 |
_aBarcelona : _bCEAC, _c1965. |
||
| 300 |
_a204 páginas ; _bIlustraciones, _c22 cm. |
||
| 440 |
_aLa madera en la construcción. _n24 _920166 |
||
| 505 | _aLa madera como material de construcción -- Transformación de la madera -- Enfermedades, preservación y defectos de la madera -- La madera en el comercio -- Medios auxiliares para la unión de maderas -- Calculo de las distintas piezas ... | ||
| 650 |
_aCarpintería _920167 |
||
| 650 |
_aMadera y mueble _920168 |
||
| 942 |
_2ddc _cLIBROS |
||
| 945 | _aacv | ||